中国内地城区人口top100城市(提示版) China top 100 cities by population - Statistics

General Stats
  • This quiz has been taken 461 times
  • The average score is 80 of 100
Answer Stats
省份 人口 城市 % Correct
直辖 1987 上海
99%
直辖 1775 北京
99%
广东 1744 深圳
99%
直辖 1634 重庆
99%
广东 1488 广州
99%
四川 1334 成都
99%
直辖 1093 天津
99%
湖北 995 武汉
98%
陕西 928 西安
98%
浙江 874 杭州
98%
江苏 791 南京
98%
辽宁 707 沈阳
98%
湖南 555 长沙
98%
江苏 399 苏州
98%
广东 956 东莞
97%
山东 601 青岛
97%
山东 588 济南
97%
黑龙江 550 哈尔滨
97%
河南 534 郑州
97%
云南 534 昆明
97%
辽宁 521 大连
97%
广西 457 南宁
97%
河北 442 石家庄
97%
福建 436 厦门
97%
山西 405 太原
97%
贵州 383 贵阳
97%
安徽 378 合肥
97%
新疆 373 乌鲁木齐
97%
浙江 361 宁波
97%
福建 354 福州
97%
吉林 343 长春
97%
江苏 357 无锡
96%
江西 335 南昌
96%
甘肃 289 兰州
96%
广东 854 佛山
95%
广东 253 汕头
94%
内蒙古 223 呼和浩特
93%
江苏 309 常州
92%
江苏 206 徐州
91%
山东 201 烟台
91%
广东 190 珠海
91%
海南 209 海口
90%
浙江 238 温州
89%
河南 199 洛阳
89%
青海 162 西宁
88%
江苏 158 南通
88%
广东 274 中山
87%
河北 214 唐山
87%
浙江 217 绍兴
85%
广西 206 柳州
85%
内蒙古 190 包头
85%
宁夏 152 银川
85%
广东 267 惠州
84%
山东 240 淄博
84%
河北 190 保定
84%
江苏 151 扬州
84%
山东 247 临沂
83%
广西 125 桂林
83%
河北 194 邯郸
82%
山西 175 大同
82%
江西 164 赣州
82%
福建 135 泉州
82%
山东 186 潍坊
81%
江苏 135 盐城
80%
贵州 147 遵义
79%
浙江 134 台州
76%
广东 123 湛江
76%
湖北 146 襄阳
75%
四川 138 绵阳
74%
山东 130 济宁
74%
吉林 130 吉林
73%
广东 167 江门
72%
江苏 130 淮安
71%
河北 125 秦皇岛
69%
黑龙江 121 齐齐哈尔
69%
辽宁 146 鞍山
68%
安徽 132 芜湖
68%
湖北 122 宜昌
67%
湖南 132 株洲
66%
福建 138 莆田
65%
陕西 135 咸阳
65%
黑龙江 128 大庆
64%
河北 117 邢台
64%
河南 110 开封
63%
山东 116 泰安
59%
山东 108 枣庄
56%
湖南 107 岳阳
55%
河北 109 张家口
54%
山东 109 聊城
54%
江苏 141 昆山
50%
江西 120 上饶
50%
辽宁 121 抚顺
49%
四川 108 宜宾
45%
浙江 118 义乌
42%
河南 109 新乡
42%
湖南 103 衡阳
42%
四川 119 南充
38%
湖北 108 十堰
38%
安徽 109 淮南
34%
浙江 106 慈溪
29%
No matching quizzes found
Score Distribution
Percent of People with Each Score
Percentile by Number Answered
Your Score History
You have not taken this quiz